| 000 | 00626nam a2200229Ia 4500 | ||
|---|---|---|---|
| 003 | OSt | ||
| 005 | 20221005070237.0 | ||
| 006 | a|||||r|||| 00| 0 | ||
| 007 | ta | ||
| 008 | 221004b |||||||| |||| 00| 0 kan d | ||
| 024 | _a59037 | ||
| 037 | _cTextual | ||
| 040 |
_aCRL _cCRL _bkan |
||
| 041 |
_2kan _akan |
||
| 082 | _aDelta2y7M63w, 33L0 | ||
| 100 |
_aShankara Prabhu Au. _9605525 |
||
| 245 | 0 | _aSwami Vivekananda | |
| 260 |
_aMysore _bSuruchi Prakashana India _c1970 |
||
| 650 | _aMYSTICISM | ||
| 942 |
_hDelta2y7M63w, 33L0 _cTEXL _2cc |
||
| 999 |
_c975952 _d975952 |
||